<?xml version="1.0" encoding="UTF-8"?>
<record
    xmlns:xsi="http://www.w3.org/2001/XMLSchema-instance"
    xsi:schemaLocation="http://www.loc.gov/MARC21/slim http://www.loc.gov/standards/marcxml/schema/MARC21slim.xsd"
    xmlns="http://www.loc.gov/MARC21/slim">

  <leader>03853nab a2200313 i 4500</leader>
  <controlfield tag="003">BR-BrBNA</controlfield>
  <controlfield tag="005">20250314142912.0</controlfield>
  <controlfield tag="008">250314b2022    bl.ar|pooa||| 00| 0 eng |</controlfield>
  <datafield tag="040" ind1=" " ind2=" ">
    <subfield code="a">BR-BrBNA</subfield>
    <subfield code="b">eng</subfield>
  </datafield>
  <datafield tag="072" ind1=" " ind2=" ">
    <subfield code="a">E71</subfield>
  </datafield>
  <datafield tag="072" ind1=" " ind2=" ">
    <subfield code="a">E16</subfield>
  </datafield>
  <datafield tag="100" ind1=" " ind2=" ">
    <subfield code="a">Santos, Helenice Furtado</subfield>
  </datafield>
  <datafield tag="100" ind1=" " ind2=" ">
    <subfield code="a">Silva, M&#xE1;rcio Lopes da </subfield>
  </datafield>
  <datafield tag="100" ind1=" " ind2=" ">
    <subfield code="a">Soares, Naisy Silva </subfield>
  </datafield>
  <datafield tag="100" ind1=" " ind2=" ">
    <subfield code="a">Diniz, Felipe Firmino </subfield>
  </datafield>
  <datafield tag="100" ind1=" " ind2=" ">
    <subfield code="a">Coelho Junior, Luiz Moreira </subfield>
  </datafield>
  <datafield tag="245" ind1=" " ind2=" ">
    <subfield code="a">BRAZIL&#x2019;S COMPETITIVENESS IN EXPORTATION OF FOREST PRODUCTS FROM 2008 TO 2018</subfield>
  </datafield>
  <datafield tag="500" ind1=" " ind2=" ">
    <subfield code="a">Publica&#xE7;&#xE3;o on-line; 30 ref.; 5 tables; Sumaries (En, Pt)</subfield>
  </datafield>
  <datafield tag="520" ind1=" " ind2=" ">
    <subfield code="a">

ABSTRACT &#x2013; This article aims to analyze Brazil&#x2019;s global competitiveness in the exportation of forest products from 2008 to 2018. Data on importation and exportation were obtained from the Food and Agriculture Organization of the United Nations - FAO, while Revealed Comparative Advantage (RCA), Contribution to Trade Balance (CTB), and Terms of Trade (TOT) were the indicators used to measure international trade. The main results show that Brazil has a positive trade balance for forest products, mainly for wood pulp exports. Brazil&#x2019;s RCA for forest products was classifi ed as moderate to strong. As for the forest product groups, it was strong for wood pulp, weak to moderate for wood panels, weak for paper and paperboard, weak to nonexpressive for timber, and non-expressive for industrial roundwood and wood fuel. Based on Brazil&#x2019;s CTB, all the forest product groups have a comparative advantage, except wood fuel. Brazil&#x2019;s TOT was strong for wood panels, timber, industrial roundwood, wood pulp, in order from most to least expressive. In conclusion, Brazilian exports have comparative advantages and are competitive in the international market.

Keywords: Forest economics; Competitiveness indicators; Balance of trade.</subfield>
  </datafield>
  <datafield tag="520" ind1=" " ind2=" ">
    <subfield code="a">

RESUMO &#x2013; Este artigo tem por objetivo analisar a competitividade brasileira das exporta&#xE7;&#xF5;es dos produtos florestais, de 2008 a 2018. Os dados de importa&#xE7;&#xF5;es e exporta&#xE7;&#xF5;es de produtos florestais foram obtidos da Food and Agriculture Organization of the United Nations &#x2013; FAO e para mensurar o com&#xE9;rcio internacional utilizou os indicadores Vantagem Comparativa Revelada (VCR), contribui&#xE7;&#xE3;o ao saldo comercial (CSC) e Taxa de Cobertura (TC). Os principais resultados mostraram que o Brasil possui superavit na balan&#xE7;a comercial de produtos florestais, sendo as exporta&#xE7;&#xF5;es de celulose o principal. O VCR brasileiro de produtos florestais foi classificado de moderada a forte e, entre os agregados de produtos florestais, a celulose foi forte, os pain&#xE9;is de madeira de fraco a moderado, papel e papel&#xE3;o fraco, madeira serrada de fraco a n&#xE3;o expressivo e a madeira industrial e madeira para energia n&#xE3;o expressivo. Por meio do CSC brasileiro de produtos florestais, todos agregados possuem vantagem comparativa, com exce&#xE7;&#xE3;o da madeira para energia. O TC brasileiro foi forte para pain&#xE9;is de madeira, madeira serrada, madeira industrial, celulose, sendo os mais expressivos em ordem decrescente, respectivamente.  Conclui-se que as exporta&#xE7;&#xF5;es brasileiras apresentam vantagens comparativas e tem competitividade no mercado internacional.

Palavras-Chave: Economia Florestal; Indicadores de Competitividade; Balan&#xE7;a comercial.</subfield>
  </datafield>
  <datafield tag="650" ind1=" " ind2=" ">
    <subfield code="a">PRODUTO FLORESTAL</subfield>
  </datafield>
  <datafield tag="650" ind1=" " ind2=" ">
    <subfield code="a">EXPORTA&#xC7;&#xC3;O</subfield>
  </datafield>
  <datafield tag="650" ind1=" " ind2=" ">
    <subfield code="a">ECONOMIA FLORESTAL</subfield>
  </datafield>
  <datafield tag="650" ind1=" " ind2=" ">
    <subfield code="a">BALAN&#xC7;O COMERCIAL</subfield>
  </datafield>
  <datafield tag="773" ind1="0" ind2=" ">
    <subfield code="0">812</subfield>
    <subfield code="9">346929</subfield>
    <subfield code="d">Vi&#xE7;osa-MG Sociedade de Investiga&#xE7;&#xF5;es Florestais - Universidade Federal de Vi&#xE7;osa. Depto. de Engenharia Florestal 1977</subfield>
    <subfield code="o">2024-7727</subfield>
    <subfield code="t">Revista &#xC1;rvore (Brazil)</subfield>
    <subfield code="x">0100-6762</subfield>
    <subfield code="g">v. 46 p. 1-10 ; (2022)</subfield>
    <subfield code="w">BR2024004885</subfield>
  </datafield>
  <datafield tag="856" ind1=" " ind2=" ">
    <subfield code="u">https://www.scielo.br/j/rarv/a/QGGPHBbkLM6B3zML8495Fkw/?format=pdf&amp;lang=en</subfield>
  </datafield>
  <datafield tag="942" ind1=" " ind2=" ">
    <subfield code="c">ANA</subfield>
  </datafield>
  <datafield tag="999" ind1=" " ind2=" ">
    <subfield code="c">330420</subfield>
    <subfield code="d">330420</subfield>
  </datafield>
</record>
